All is one SAP R/3 certification exam guide (Record no. 5619)

MARC details
000 -LEADER
fixed length control field 00498nam a2200157Ia 4500
003 - CONTROL NUMBER IDENTIFIER
control field SGT
020 ## - INTERNATIONAL STANDARD BOOK NUMBER
International Standard Book Number 9780074637371
082 ## - DEWEY DECIMAL CLASSIFICATION NUMBER
Classification number 650.0285
Item number MIL
100 ## - MAIN ENTRY--PERSONAL NAME
Personal name Miller,Stewart S
245 ## - TITLE STATEMENT
Title All is one SAP R/3 certification exam guide
260 ## - PUBLICATION, DISTRIBUTION, ETC. (IMPRINT)
Name of publisher, distributor, etc Tata McGraw Hill Education Private Limited
Place of publication, distribution, etc New Delhi
Year of Publication 2005
300 ## - PAGE DESCRIPTION
No. of Pages 767p.
650 ## - SUBJECT ADDED ENTRY--TOPICAL TERM
Topical term or geographic name as entry element MANAGEMENT
653 ## - KEYWORDS--INDEX TERM
Keyword term INTRODUCTION,SAP PARTNER ACADEMY COURSE PREPARATION,LOGISTICS,PRODUCTION PLANNING (PP) SUPPLY-CHAIN MANAGEMENT
942 ## - ADDED ENTRY ELEMENTS (KOHA)
Source of classification or shelving scheme Dewey Decimal Classification
Koha item type Books
Holdings
Withdrawn status Lost status Source of classification or shelving scheme Damaged status Not for loan Home library Current library Date acquired SGTU Total Checkouts Full call number Accession No. (Barcode) Date last seen Bill Date Koha item type
    Dewey Decimal Classification     SGT Engineering Library SGT Engineering Library 17/09/2013 SGTU   650.0285 MIL FE6172 09/02/2015 09/02/2015 Books